000 00266nam a2200109Ia 4500
008 220204s9999 xx 000 0 und d
082 _a82-3
_bCHR;1
100 _aChristie, Agatha
245 0 _aHallowe'en party
260 _aGreat Britain
_bFontana
_c1976
942 _cBK
999 _c34041
_d34041